Darwin / (Record no. 184191)
[ view plain ]
| 000 -LEADER | |
|---|---|
| campo de control de longitud fija | 00966nam a2200289 i 4500 |
| 001 - NÚMERO DE CONTROL | |
| campo de control | 184191 |
| 003 - IDENTIFICADOR DE NÚMERO DE CONTROL | |
| campo de control | ES-MaACL |
| 005 - FECHA Y HORA DE LA ÚLTIMA TRANSACCIÓN | |
| campo de control | 20250729081837.0 |
| 008 - DATOS DE LONGITUD FIJA--INFORMACIÓN GENERAL | |
| campo de control de longitud fija | 150415s1966 sp f |||| |dspa d |
| 080 ## - NÚMERO DE LA CLASIFICACIÓN DECIMAL UNIVERSAL | |
| Número de la Clasificación Decimal Universal | 929 Darwin, Charles Robert |
| 080 ## - NÚMERO DE LA CLASIFICACIÓN DECIMAL UNIVERSAL | |
| Número de la Clasificación Decimal Universal | 575.8.01 |
| 100 1# - ENTRADA PRINCIPAL--NOMBRE DE PERSONA | |
| Nombre de persona | Leroy, Jean F. |
| 9 (RLIN) | 156736 |
| 245 10 - MENCIÓN DEL TÍTULO | |
| Título | Darwin / |
| Mención de responsabilidad, etc. | por Jean F. Leroy ; [traducción de María Isabel Martino y Ángel Ruiz Camps]. |
| 246 34 - FORMA VARIANTE DEL TITULO | |
| Título propio/Titulo breve | Darwin y la teoría de la evolución |
| 250 ## - MENCION DE EDICION | |
| Mención de edición | 1ª ed. |
| 260 ## - PUBLICACIÓN, DISTRIBUCIÓN, ETC. | |
| Lugar de publicación, distribución, etc. | Madrid : |
| Nombre del editor, distribuidor, etc. | Cid, |
| Fecha de publicación, distribución, etc. | 1966. |
| 300 ## - DESCRIPCIÓN FÍSICA | |
| Extensión | 247 p., [8] p. de lám. ; |
| Dimensiones | 16 cm. |
| 490 1# - MENCIÓN DE SERIE | |
| Mención de serie | Sabios del mundo entero ; |
| Designación de volumen o secuencia | 24 |
| 504 ## - NOTA DE BIBLIOGRAFÍA, ETC. | |
| Nota de bibliografía, etc. | Bibliografía: p. 241-244. |
| 600 14 - PUNTO DE ACCESO ADICIONAL DE MATERIA--NOMBRE DE PERSONA | |
| Nombre de persona | Darwin, Charles, |
| Fechas asociadas al nombre | 1809-1882 |
| 9 (RLIN) | 42770 |
| 650 #7 - PUNTO DE ACCESO ADICIONAL DE MATERIA--TÉRMINO DE MATERIA | |
| Término de materia o nombre geográfico como elemento de entrada | Evolucionismo |
| Fuente del encabezamiento o término | embne |
| 9 (RLIN) | 12629 |
| 700 1# - ENTRADA AGREGADA--NOMBRE PERSONAL | |
| Nombre de persona | Martino, María Isabel. |
| 9 (RLIN) | 78502 |
| 700 1# - ENTRADA AGREGADA--NOMBRE PERSONAL | |
| Nombre de persona | Ruiz Camps, Angel. |
| 9 (RLIN) | 100686 |
| 830 0# - PUNTO DE ACCESO ADICIONAL DE SERIE-TÍTULO UNIFORME | |
| Título uniforme | Sabios del mundo entero ; |
| Designación de volumen o secuencia | 24 |
| 9 (RLIN) | 192074 |
| 852 ## - LOCALIZACIÓN | |
| Ubicación | ES-MaACL |
| Número de control de estantería | E-15558 |
| Estatus retirado | Estado de pérdida | Estado de daño | No para préstamo | Biblioteca de origen | Biblioteca actual | Ubicación en estantería | Fecha de adquisición | Fuente de adquisición | Total de préstamos | Signatura topográfica completa | Código de barras | Visto por última vez | Precio de reemplazo | Tipo de ítem Koha |
|---|---|---|---|---|---|---|---|---|---|---|---|---|---|---|
| Biblioteca del Ateneo de Madrid | Biblioteca del Ateneo de Madrid | Depósito 2 | 15/04/2015 | E-15558 | 1193743 | 23/02/2023 | 23/02/2023 | Libro impreso |
